| 000 | 00348nam a2200133Ia 4500 | ||
|---|---|---|---|
| 008 | 230917s9999||||xx |||||||||||||| ||und|| | ||
| 040 |
_e93168 _aMAIN |
||
| 041 | _aEnglish | ||
| 082 | _a677 T546S | ||
| 100 | _aTiwari, Sunil Kumar | ||
| 245 | 0 | _aSimultaneous dyeing & finishing of cotton & polyester cotton fabrics | |
| 300 | _a45 p. | ||
| 942 | _cTH | ||
| 999 |
_c72370 _d72370 |
||